Újra kinyit a JATE klub galéria /
Elmentve itt :
| Szerző: | |
|---|---|
| Dokumentumtípus: | Cikk |
| Megjelent: |
2023-09-04
|
| Sorozat: | SzegedMa.hu
|
| Kulcsszavak: | Egyetemi élet, Egyetemi hallgatók, JATE Klub, Jubileum - 50 éves, Újranyitás, Szabó Gábor - Szegedi Tudományegyetemért Alapítvány kuratóriumi elnöke, Koncz Erika - klubmenedzser, Sajtóbejárás, József Attila Tudományegyetem - JATE |
| Online Access: | http://univ.bibl.u-szeged.hu/67366 |
| LEADER | 00845nab a2200169 i 4500 | ||
|---|---|---|---|
| 001 | univ67366 | ||
| 005 | 20230905113553.0 | ||
| 008 | 230905s2023 hu o 0|| hun d | ||
| 040 | |a SZTE UnivHistória Repozitórium |b hun | ||
| 041 | |a hun | ||
| 100 | 1 | |a Tóth Norbert | |
| 245 | 1 | 0 | |a Újra kinyit a JATE klub |h [elektronikus dokumentum] : |b galéria / |c Tóth Norbert |
| 260 | |c 2023-09-04 | ||
| 490 | 0 | |a SzegedMa.hu | |
| 561 | |a Egyetemi hirarchívum | ||
| 695 | |a Egyetemi élet, Egyetemi hallgatók, JATE Klub, Jubileum - 50 éves, Újranyitás, Szabó Gábor - Szegedi Tudományegyetemért Alapítvány kuratóriumi elnöke, Koncz Erika - klubmenedzser, Sajtóbejárás, József Attila Tudományegyetem - JATE | ||
| 856 | 4 | 0 | |u http://univ.bibl.u-szeged.hu/67366/1/%C3%9Ajra%20kinyit%20a%20JATE%20klub%20%28GAL%C3%89RIA%29%20_%20Szeged%20Ma.pdf |z Dokumentum-elérés |